[Event "BCF-chT4 2223 (4NCL)"]
[Site "England"]
[Date "2023.04.30"]
[Round "10.96"]
[White "Feavyour, John"]
[Black "Willoughby, Robert"]
[Result "1-0"]
[WhiteElo "1844"]
[BlackElo "1598"]
[PlyCount "109"]
[EventDate "2022.11.05"]
[EventType "team-swiss"]
[EventRounds "11"]
[EventCountry "ENG"]
[SourceTitle "EXT 2024"]
[Source "ChessBase"]
[SourceDate "2023.10.10"]
[SourceVersion "1"]
[SourceVersionDate "2023.10.10"]
[SourceQuality "1"]
[WhiteTeam "Iceni II"]
[BlackTeam "Ashfield III"]
[WhiteTeamCountry "ENG"]
[BlackTeamCountry "ENG"]

1. d4 Nf6 2. c4 e5 3. dxe5 Ng4 4. Nf3 Nc6 5. Nc3 Bb4 6. Bd2 0-0 7. e3 Ngxe5 8. Nxe5 Nxe5 9. a3 Be7 10. Be2 d6 11. 0-0 b6 12. f4 Ng6 13. Bf3 Rb8 14. g3 Bh3 15. Re1 Bf6 16. Rb1 a5 17. Ne4 Re8 18. Nxf6+ Qxf6 19. Bc3 Qe7 20. Qd4 f6 21. Bh5 Qe4 22. Qxe4 Rxe4 23. Bf3 Re7 24. Kf2 Bc8 25. h4 Bb7 26. Bxb7 Rxb7 27. h5 Nf8 28. h6 Nd7 29. hxg7 Rxg7 30. b4 axb4 31. axb4 Rf7 32. Ra1 Nf8 33. Ra8 b5 34. cxb5 Rxb5 35. Ra5 Rb7 36. g4 h6 37. Rh1 Rh7 38. Ra8 Kf7 39. Kf3 Ke7 40. Ra5 Kf7 41. Rf5 Nd7 42. Rfh5 Kg6 43. Ra5 c5 44. bxc5 dxc5 45. Ra6 Rb3 46. Ba1 Nb6 47. f5+ Kf7 48. Rd1 Ke8 49. Bxf6 Rd7 50. Rxd7 Kxd7 51. Ra7+ Kc6 52. Be5 Nc4 53. Bf4 Nd2+ 54. Ke2 Rb2 55. Be5 1-0

[Event "BCF-chT4 2223 (4NCL)"]
[Site "England"]
[Date "2023.02.04"]
[Round "5.125"]
[White "Samarakoon, Vivash Ransara"]
[Black "Willoughby, Robert"]
[Result "1-0"]
[WhiteElo "1435"]
[BlackElo "1598"]
[PlyCount "79"]
[EventDate "2022.11.05"]
[EventType "team-swiss"]
[EventRounds "11"]
[EventCountry "ENG"]
[SourceTitle "EXT 2024"]
[Source "ChessBase"]
[SourceDate "2023.10.10"]
[SourceVersion "1"]
[SourceVersionDate "2023.10.10"]
[SourceQuality "1"]
[WhiteTeam "Anglian Avengers II"]
[BlackTeam "Ashfield III"]
[WhiteTeamCountry "ENG"]
[BlackTeamCountry "ENG"]

1. e4 c5 2. Nf3 d6 3. d4 cxd4 4. Nxd4 Nf6 5. Nc3 g6 6. f3 Bg7 7. Be3 0-0 8. Qd2 Nc6 9. 0-0-0 Nxd4 10. Bxd4 Be6 11. Kb1 Qa5 12. Nd5 Qxd2 13. Nxe7+ Kh8 14. Rxd2 Rfe8 15. Bxf6 Bxf6 16. Nd5 Bxd5 17. Rxd5 Rad8 18. Bb5 Re5 19. Rhd1 Rxd5 20. Rxd5 Be5 21. g3 g5 22. c4 b6 23. b4 Rc8 24. Kc2 Kg7 25. Kd3 Kf8 26. Ke3 Ke7 27. Rd3 h5 28. f4 gxf4+ 29. gxf4 Bf6 30. e5 dxe5 31. Rd7+ Kf8 32. Rxa7 exf4+ 33. Kxf4 Rd8 34. Rb7 Rd2 35. Rxb6 Kg7 36. a4 Rxh2 37. a5 Rb2 38. a6 Be7 39. a7 Ra2 40. Ra6 1-0

[Event "BCF-chT3 0809 (4NCL)"]
[Site "Hinckley Island"]
[Date "2009.05.03"]
[Round "10.6"]
[White "Ricketts, David"]
[Black "Willoughby, Robert"]
[Result "0-1"]
[WhiteElo "1570"]
[BlackElo "1810"]
[PlyCount "48"]
[EventDate "2008.10.18"]
[EventType "team-swiss"]
[EventRounds "11"]
[EventCountry "ENG"]
[SourceTitle "EXT 2010"]
[Source "ChessBase"]
[SourceDate "2010.11.25"]
[SourceVersion "1"]
[SourceVersionDate "2010.11.25"]
[SourceQuality "1"]
[WhiteTeam "Leicester III"]
[BlackTeam "Nottinghamshire II"]
[WhiteTeamCountry "ENG"]
[BlackTeamCountry "ENG"]

1. e4 c5 2. Nc3 d6 3. f4 Nc6 4. Nf3 g6 5. Bb5 Bg7 6. Nd5 e6 7. Ne3 Bd7 8. c3 a6 9. Be2 Rc8 10. 0-0 Nge7 11. d3 b5 12. Ng4 h5 13. Ne3 Qc7 14. Nh4 d5 15. f5 exf5 16. exf5 Be5 17. fxg6 Bxh2+ 18. Kh1 fxg6 19. Rf6 Be5 20. Rf1 Be6 21. Nf3 Kd7 22. Nxe5+ Nxe5 23. Rg1 Ng4 24. Nf1 Nf2# 0-1